• 首页
  • 本馆介绍
  • 公告通知
  • 最新文献
  • 馆藏检索
  • 电子资源
  • 读者导购
  • 参考咨询
  • 我的图书馆
  • 登录
  • 详细信息显示
  • 放入我的书架
  • 预约/预借图书
  • 作者相关作品
  • 分类相关作品
  • 丛书相关作品
  • 出版社相关作品

书目信息

  • 表格格式
  • 工作单格式
  • 卡片格式
题名:
回眸与超越
    
 
作者: 彭人哲 著
分册:  
出版信息: 北京   中国发展出版社  2017
页数: 262页
开本: 24cm
丛书名:
单 册:
中图分类: G77
科图分类:
主题词: 社区--she qu--社会教育--研究
电子资源:
ISBN: 978-7-5177-0622-9
000 01126nam0 22002531 450
001 0102164903
005 20170502164903.0
010    @a978-7-5177-0622-9@dCNY48.00
100    @a20170321d2017 em y0chiy50 ea
101 0  @achi
102    @aCN@b110000
105    @ay z 000yy
106    @ar
200 1  @a回眸与超越@9hui mou yu chao yue@e社区教育的理论与实践之探究@f彭人哲著
210    @a北京@c中国发展出版社@d2017
215    @a262页@d24cm
314    @a彭人哲,男,苏州市职业大学教授,毕业于南京师范大学政治教育系,苏州市马列主义理论教育研究会副会长兼秘书长。主要论文有《试论转型期的城市贫困》、《我国转型期失业现状及对策探析》等。
330    @a本书作者从历史的维度对社区教育的发展作了回眸,对社区教育从其理论支撑、政策演变、模式状态、管理方式、课程选择、资源配置、人员提升以及国外经验等方面做了比较深入的探究,希冀以此推动社区教育研究向更深层次的展开。
517 1  @a社区教育的理论与实践之探究@9she qu jiao yu de li lun yu shi jian zhi tan jiu
606 0  @a社区@9she qu@x社会教育@x研究
690    @aG77@v5
701  0 @a彭人哲@9peng ren zhe@4著
801  0 @aCN@b百万庄@c20170308
905    @b1002370-5@dG77@e12@f6
    
    回眸与超越:社区教育的理论与实践之探究/彭人哲著.-北京:中国发展出版社,2017
    262页;24cm
    
    
    ISBN 978-7-5177-0622-9:CNY48.00
    本书作者从历史的维度对社区教育的发展作了回眸,对社区教育从其理论支撑、政策演变、模式状态、管理方式、课程选择、资源配置、人员提升以及国外经验等方面做了比较深入的探究,希冀以此推动社区教育研究向更深层次的展开。
●
相关链接 在E读中查询图书 在五车中查询图书 在当当中查询图书 在豆瓣中查询图书


正题名:回眸与超越     索取号:G77/12         预约/预借

序号 登录号 条形码 馆藏地/架位号 状态 备注
1 1002370   210023703   第一样本阅览室/ [索取号:G77/12] 在馆    
2 1002371   210023712   教育系资料室/ [索取号:G77/12] 在馆    
3 1002372   210023721   教育系资料室/ [索取号:G77/12] 在馆    
4 1002373   210023730   教育系资料室/ [索取号:G77/12] 在馆    
5 1002374   210023749   第四借阅区/ [索取号:G77/12] 在馆    
6 1002375   210023758   第四借阅区/ [索取号:G77/12] 在馆    
唐山师范学院图书馆 欢迎您!
大连网信软件有限公司© 版权所有